00825cam a22002537a 4500003000500000005001700005008004100022010001000063011001000073035001000083040000900093082001500102100002000117245006700137260002800204300002000232490005100252650003100303650003200334650004500366650004400411710006500455830005100520CHAP20220817042234.0971013s1983 r 00010 d a38376 a39348 a43468 cCHAP a327.72bP400aPellicer, Olga.13aLa política exterior de Méxicob: desafios en los ochentas aMéxico :bCIDE,c1983 a303 p.b: ilus. 0aColección estudios políticos: ensayosv; 304aMéxicoxComerciozE.U.A.14aE.U.A.xComercioxMéxico.14aE.U.A.xRelaciones exterioresxMéxico.14aMéxicoxRelaciones exterioresxE.U.A.0 aCentro de Investigación y Docencia Económicas. México.0 aColección estudios políticos: ensayosv; 3